LEADER 01646nam a2200337 a 4500 001 000000153232 003 CaOOAMICUS 005 20160722133700.0 008 160722s2016 be u100 u eng r 020 $z978-90-429-3319-4* 032 $aLibriCat 040 $aPUL$bita 245 04$aThe normativity of history : $btheological truth and tradition in the tension between Church history and systematic theology /$cedited by Lieven Boeve, Mathijs Lamberigts, Terrence Merrigan. 260 $aLeuven, Paris, Bristol :$bPeeters,$c2016. 300 $aIX, 273 p. ;$c24 cm. 490 1 $aBibliotheca Ephemeridum theologicarum Lovaniensium ;$v282 504 $aBibliografia in nota. 650 4$aChiesa$xStoria.$0(OLS)http://pul/subject/128 700 1 $aMerrigan, Terrence.$0(OLS)http://pul/name/59456 700 1 $aBoeve, Lieven.$0(OLS)http://pul/name/47425 700 1 $aLamberigts, Mathijs.$0(OLS)http://pul/name/97098 830 0$aBibliotheca Ephemeridum theologicarum Lovaniensium ;$v282.$0(OLS)http://pul/title/1445 850 $aPUL 852 $aPUL$W1$xSL Religione 1$y3$m17 A 282$j176437$qStampati$B178909$CPULBib$Z2$F178909 $H128015 $81 941 1 $a8 960 $aStoria della chiesa$9128 960 $aStoria ecclesiastica$9128 996 $6020$z978-90-429-3319-4*$9(OLS)http://pul/number/160741 996 $6245$aThe normativity of history : $btheological truth and tradition in the tension between Church history and systematic theology$9(OLS)http://pul/title/192663 996 $6260$aLeuven, Paris, Bristol :$bPeeters$9(OLS)http://pul/publisher/83372 LEADER 01413nam a2200301 u 4500 001 000000008923 003 CaOOAMICUS 005 20070226105140.0 008 941214s1969 fr u000 u fre u 035 $a10227480 040 $aEFR$bita$dPUL(R) 130 0 $aBible.$pO.T.$pApocrypha.$pBaruch.$lFrench.$f1969.$0(OLS)http://pul/title/13111 245 10$aApocalypse de Baruch /$cintroduction, traduction du syriaque et commentaire par Pierre Bogaert. 260 $aParis :$bLes Éditions du Cerf,$c1969. 300 $a2 v. ;$c20 cm 490 1 $aSources chrétiennes ;$v144-145 500 $aBibliographie en note. 502 $aThèse. Théologie cath. - Univ. de Strasbourg, 1969. 700 1 $aBogaert, Pierre.$0(OLS)http://pul/name/8913 830 0$aSources chrétiennes ;$v144-145.$0(OLS)http://pul/title/45 850 $aPUL 852 $aPUL$W1$xSL Religione 2$y84$mTheol E3 144-145$j12587$nBK-PRI$b $qStampati altre collocazioni$B12587$CPULBib$Z2$F12587 $H $81 852 $aPUL$W1$xSL Religione 2$y84$mTheol E3 144-145$j12587$nBK-PRI$b $qStampati altre collocazioni$B12588$CPULBib$Z2$F12588 $H $81 941 1 $a10 961 $aINV: 37750,37751 961 $aINV: 37750,37751 996 $6245$aApocalypse de Baruch$9(OLS)http://pul/title/13112 996 $6260$aParis :$bLes Éditions du Cerf$9(OLS)http://pul/publisher/47861